Normal view
MARC view
- Project Supervisor Asst Prof. Dr. Shahzor Ahmad Asst Prof. Sobia Hayee
Entry Corporate Name
001 - CONTROL NUMBER
- control field: 86232
003 - CONTROL NUMBER IDENTIFIER
- control field: NUST
005 - DATE AND TIME OF LATEST TRANSACTION
- control field: 20211209121456.0
008 - FIXED-LENGTH DATA ELEMENTS
- fixed length control field: 211209|| aca||aabn | a|a d
040 ## - CATALOGING SOURCE
- Original cataloging agency: NUST
- Transcribing agency: NUST
110 ## - HEADING--CORPORATE NAME
- Corporate name or jurisdiction name as entry element: Project Supervisor Asst Prof. Dr. Shahzor Ahmad Asst Prof. Sobia Hayee
670 ## - SOURCE DATA FOUND
- Source citation: Work cat.: (NUST): Muhammad Ibrahim Khan Syed Muhammad Taha Jilani 86231, PR-SOF-2076-Sensor Fusion for Intelligent Road Transportation, 2021.
